ბათუმის შოთა რუსთაველის სახელმწიფო უნივერსიტეტის ბიბლიოთეკა

Modern climate change in Georgia : (ბიბ.ჩანაწერი № 38483)

000 -LEADER
fixed length control field 01135nam a2200277Ia 4500
001 - CONTROL NUMBER
control field 4496
003 - CONTROL NUMBER IDENTIFIER
control field GE_BSU
005 - DATE AND TIME OF LATEST TRANSACTION
control field 20191021113501.0
008 - FIXED-LENGTH DATA ELEMENTS--GENERAL INFORMATION
fixed length control field 181216s2005||||enk|||||||||||||| ||eng||
040 ## - CATALOGING SOURCE
Transcribing agency GE_BSU
041 ## - LANGUAGE CODE
Language code of text/sound track or separate title eng
080 ## - UNIVERSAL DECIMAL CLASSIFICATION NUMBER
Universal Decimal Classification number 551.5(479.22) M-78
245 ## - TITLE STATEMENT
Title Modern climate change in Georgia :
Remainder of title Radiatively Active Small Atmospheric Admixtures /
Statement of responsibility, etc. Transactions of M. Nodia institute of Geophysics of Georgian; Academy of Sciences.
264 ## - PRODUCTION, PUBLICATION, DISTRIBUTION, MANUFACTURE, AND COPYRIGHT NOTICE
Place of production, publication, distribution, manufacture Tbilisi,
Date of production, publication, distribution, manufacture, or copyright notice 2005.
300 ## - PHYSICAL DESCRIPTION
Extent 127 p.;
Other physical details 29 cm.
653 ## - INDEX TERM--UNCONTROLLED
keyword კლიმატის ცვლილება საქართველოში
653 ## - INDEX TERM--UNCONTROLLED
keyword ატმოსფეროს რადიაციულობა
700 ## - ADDED ENTRY--PERSONAL NAME
Personal name Amiranashvili, A.
Relator term ავტორი
9 (RLIN) 4876
700 ## - ADDED ENTRY--PERSONAL NAME
Personal name Amiranashvili, V.
Relator term ავტორი
9 (RLIN) 4877
700 ## - ADDED ENTRY--PERSONAL NAME
Personal name Gzirishvili, T.
Relator term ავტორი
9 (RLIN) 4878
700 ## - ADDED ENTRY--PERSONAL NAME
Personal name Kharchilava, J.
Relator term ავტორი
9 (RLIN) 4879
700 ## - ADDED ENTRY--PERSONAL NAME
Personal name Tavartkiladze, K.
Relator term ავტორი
9 (RLIN) 4880
700 ## - ADDED ENTRY--PERSONAL NAME
Personal name Nodia, M.
Relator term მთარგმნელი
9 (RLIN) 4881
710 ## - ADDED ENTRY--CORPORATE NAME
Corporate name or jurisdiction name as entry element Institute of Geophysics of Georgian
9 (RLIN) 4882
942 ## - ADDED ENTRY ELEMENTS (KOHA)
Koha item type წიგნი
Source of classification or shelving scheme
ეგზემპლარები
Withdrawn status Lost status Source of classification or shelving scheme Damaged status Not for loan Permanent Location Current Location Shelving location Date acquired Full call number Barcode Date last seen Copy number Price effective from Koha item type Public note
          ბათუმის შოთა რუსთაველის სახელმწიფო უნივერსიტეტის მთავარი ბიბლიოთეკა ბათუმის შოთა რუსთაველის სახელმწიფო უნივერსიტეტის მთავარი ბიბლიოთეკა წიგნსაცავი 2018-12-17 551.5(479.22) M-78 6149 2018-12-17 6149 2018-12-17 წიგნი